| 000 | 01860cam a22004574i 4500 | ||
|---|---|---|---|
| 003 | PE-LiUPU | ||
| 005 | 20250731165531.0 | ||
| 008 | 150623s r 000 0 d | ||
| 035 | _a(Sirsi) a29575 | ||
| 035 | _a(Sirsi) a29575 | ||
| 040 |
_aPE-LiUPU _bspa _cPE-LiUPU _erda |
||
| 082 | 0 | 4 |
_a280.4009 _bL46 _221 |
| 100 | 1 |
_aLéonard, Emile G., _eautor. |
|
| 245 | 1 | 0 |
_aHistoria general del protestantismo : _breforma. _n1 / _cÉmile G. Léonard. |
| 264 | 1 |
_aMadrid, España : _bEdiciones Península, _c1967. |
|
| 300 |
_a460 páginas : _bilustraciones mapas, ; _c24 cm. |
||
| 336 |
_atext _2rdacontent |
||
| 337 |
_aunmediated _2rdamedia |
||
| 338 |
_avolume _2rdacarrier |
||
| 505 | 0 | _aIntroducción antes de la reforma. -La paración de lutero. -Los inicios de Lutero. -Luetro y los problemas sociales. -Organización y expansión del luetranismo. -La imitación del lueeranismo por la reforma humanista. -La detención de la marea luterana. -La reacción católica. -Calvino, funadador de una civilización. | |
| 526 | _aSEG44 | ||
| 526 | _aSEG26 | ||
| 526 | _aP151 | ||
| 526 | _aP150 | ||
| 526 | _aP149 | ||
| 526 | _aP146 | ||
| 526 | _aP145 | ||
| 526 | _aP126 | ||
| 526 | _aP125 | ||
| 526 | _aP92 | ||
| 526 | _aP75 | ||
| 526 | _aP74 | ||
| 526 | _aP27 | ||
| 526 | _aP15 | ||
| 942 |
_2ddc _cBOOK |
||
| 949 |
_aRC 280.4009 L46 1 _wDEWEY _c1 _i07421 _lRC _mBUL _r0 _sY _tBOOK _u2015-6-24 _xBIBLIOTECA _zUNKNOWN _0COMPRA _o.CIRCNOTE. No olvidar cambiar la fecha de devolución!!!!!!! _o.STAFF. Colección General |
||
| 994 |
_aC0 _bPEPRU |
||
| 596 | _a1 | ||
| 999 |
_aRC 280.4009 L46 1 _wDEWEY _c36946 _i07421 _f2021-11-8 _g6 _lCCODEBUL1 _mBUL _r1 _sY _tBOOK _u2015-6-24 _xTEOLOGIA _zUNKNOWN _0COMPRA _o.CIRCNOTE. No olvidar cambiar la fecha de devolución!!!!!!! _o.STAFF. Colección General _d36946 |
||
| 980 |
_81 _gALBERTO SANCHEZ Responsable de Automatización |
||